|
|
|
|
| LEADER |
00710ncm a22002172a 4500 |
| 001 |
001261977 |
| 003 |
CZ BrMZK |
| 005 |
20121030093604.0 |
| 007 |
qu |
| 008 |
121030s1963 xo |||||||||||||||||zxx d |
| 040 |
|
|
|a BOA001
|b cze
|
| 072 |
|
7 |
|a 786
|x Hudba pro klávesové nástroje
|2 Konspekt
|9 9
|
| 100 |
1 |
|
|a Šimai, Pavol,
|d 1930-2020
|7 ola2008474763
|4 cmp
|
| 245 |
1 |
0 |
|a Zo Slovenska
|h [hudebnina] :
|b malá suita pre klavír /
|c Pavol Šimai
|
| 260 |
|
|
|a Bratislava :
|b Slovenský hudobný fond,
|c 1963
|
| 300 |
|
|
|a 18 s.
|
| 500 |
|
|
|a Rozmnoženo
|
| 910 |
|
|
|a BOA001
|b Mus4-0538.660
|
| 990 |
|
|
|a MU
|
| 991 |
|
|
|b 201210
|
| 996 |
6 |
|
|b 2619079065
|c Mus4-0538.660
|l MZK
|r Sklad / do 1 hodiny
|n 0
|w 001295806
|u 000010
|a 1
|e BOA001
|j MZK50
|s P
|